Programas de Impacto 1996-2000 (Record no. 10978)
[ view plain ]
| 000 -LEADER | |
|---|---|
| campo de control de longitud fija | 00406nam a2200145Ia 4500 |
| 001 - NÚMERO DE CONTROL | |
| campo de control | 3020 |
| 008 - DATOS DE LONGITUD FIJA--INFORMACIÓN GENERAL | |
| campo de control de longitud fija | 241024s9999 xx 000 0 und d |
| 082 ## - NÚMERO DE LA CLASIFICACIÓN DECIMAL DEWEY | |
| Número de clasificación | 370/R426p/18 |
| 100 ## - ENTRADA PRINCIPAL--NOMBRE DE PERSONA | |
| Nombre de persona | República Dominicana.Secretaría de Estado de Educación y Cultura SEEC |
| 245 #0 - MENCIÓN DEL TÍTULO | |
| Título | Programas de Impacto 1996-2000 |
| 260 ## - PUBLICACIÓN, DISTRIBUCIÓN, ETC. | |
| Nombre del editor, distribuidor, etc. | Ed: Centenario |
| Fecha de publicación, distribución, etc. | 2000 |
| 590 ## - NOTA LOCAL (RLIN) | |
| Nota local | si |
| 901 ## - ELEMENTOS DE DATOS A LOCAL LDA (RLIN) | |
| a | 18/7/2013 8:58:54 a.m. |
No items available.